Statistics for States with Full Open Carry

Click here to take the quiz!

General Stats

  • This quiz has been taken 19 times
  • The average score is 14 of 17

Answers on the Map

Answers color-coded by a green-red scale on the quiz's map according to % correct below.
 

Answer Stats

Answer% Correct
Alaska
100%
Arkansas
88%
Idaho
88%
Kansas
88%
Montana
88%
Nevada
88%
South Dakota
88%
Wyoming
88%
Arizona
82%
Maine
82%
Mississippi
82%
West Virginia
82%
New Hampshire
76%
Kentucky
71%
Washington
71%
New Mexico
65%
Vermont
65%

Score Distribution

Percentile by Number Answered

Percent of People with Each Score

Your Score History

You have not taken this quiz